| Tag |
First Indicator |
Second Indicator |
Subfields |
| LEADER |
00000cam a2200000Ia 4500 |
| 001 |
in00001840607 |
| 005 |
20220105141018.0 |
| 006 |
m d |
| 007 |
cr cn- |
| 008 |
030730s2002 enka sb 001 0 eng d |
| 020 |
|
|
|a 0585455872 (electronic bk.)
|
| 035 |
|
|
|a (OCoLC)ocm52753845
|
| 040 |
|
|
|a N$T
|c N$T
|d UtOrBLW
|
| 049 |
|
|
|a IICC
|
| 050 |
1 |
4 |
|a R855.3
|b .S735 2002eb
|
| 060 |
1 |
4 |
|a W 82
|b S792i 2002
|
| 082 |
0 |
4 |
|a 610/.904
|2 21
|
| 100 |
1 |
|
|a Stanton, Jennifer,
|d 1950-
|0 http://id.loc.gov/authorities/names/n2001014565
|
| 245 |
1 |
0 |
|a Innovations in health and medicine :
|b diffusion and resistance in the twentieth century /
|c edited by Jennifer Stanton.
|
| 264 |
|
1 |
|a London ;
|a New York :
|b Routledge,
|c 2002.
|
| 300 |
|
|
|a xviii, 232 pages :
|b illustrations ;
|c 25 cm.
|
| 336 |
|
|
|a text
|b txt
|2 rdacontent
|
| 337 |
|
|
|a computer
|b c
|2 rdamedia
|
| 338 |
|
|
|a online resource
|b cr
|2 rdacarrier
|
| 504 |
|
|
|a Includes bibliographical references (pages [209]-227) and index.
|
| 505 |
0 |
|
|a Introduction : on theory and practice / Jennifer Stanton -- The effects of local context on the development of obstetric ultrasound scanning in two Scottish hospitals / Debbie Nicholson -- Organization, ethnicity and the British National Health Service / Helen Valier and Roberta Bivins -- The Western mode of nursing evangelized? Nursing professionalism in twentieth-century Japan / Aya Takahashi -- Acupuncture and innnovation : 'New Age' medicine in the NHS / Roberta Bivins -- Degrees of control : the spread of operative fracture treatment with metal implants : a comparative perspective on Switzerland, East Germany and the USA, 1950s-1990s / Thomas Schlich -- Representing medicine : innovation and resistance in 1950s Britain / Kelly Loughlin -- The diffusion of two renal dialysis modalities in the UK, 1960s-1980s / Jennifer Stanton -- Midwifery re-innovation in New Zealand / Philippa Mein Smith -- French response to 'innovation' : the return of the living donor in organ transplantation / Martine Gabolde and Anne Marie Moulin.
|
| 533 |
|
|
|a Electronic reproduction.
|b Boulder, Colo. :
|c NetLibrary,
|d 2003.
|n Available via World Wide Web.
|n Access may be limited to NetLibrary affiliated libraries.
|
| 500 |
|
|
|a Electronic resource.
|
| 650 |
|
0 |
|a Medicine
|x History
|y 20th century.
|0 http://id.loc.gov/authorities/subjects/sh2010101363
|
| 650 |
|
0 |
|a Medical innovations
|x History
|y 20th century.
|
| 650 |
|
0 |
|a Medical technology
|x History
|y 20th century.
|
| 650 |
1 |
2 |
|a Diffusion of Innovation.
|0 https://id.nlm.nih.gov/mesh/D004059
|
| 650 |
1 |
2 |
|a Medical Laboratory Science.
|0 https://id.nlm.nih.gov/mesh/D013677
|
| 650 |
2 |
2 |
|a History, 20th Century.
|0 https://id.nlm.nih.gov/mesh/D049673
|
| 655 |
|
7 |
|a Electronic books.
|2 local
|
| 710 |
2 |
|
|a NetLibrary, Inc.
|0 http://id.loc.gov/authorities/names/no99080690
|
| 776 |
1 |
|
|c Original
|z 0415243858
|w (DLC) 2001048592
|w (OCoLC)48033127
|
| 856 |
4 |
1 |
|u https://proxy.library.tamu.edu/login?url=http://www.netLibrary.com/urlapi.asp?action=summary&v=1&bookid=84592
|z Connect to the full text of this electronic book
|t 0
|
| 994 |
|
|
|a 92
|b IIC
|
| 999 |
|
|
|a MARS
|
| 999 |
f |
f |
|s 4fd78632-bb7d-3530-89a1-8bab0b71734b
|i 9655b111-1ee2-3dde-aa49-5d6e1c1216a6
|t 0
|
| 952 |
f |
f |
|a Texas A&M University
|b College Station
|c Electronic Resources
|d Available Online
|t 0
|e R855.3 .S735 2002eb
|h Library of Congress classification
|
| 998 |
f |
f |
|a R855.3 .S735 2002eb
|t 0
|l Available Online
|